| 000 | 00445nam a22001817a 4500 | ||
|---|---|---|---|
| 003 | CEME | ||
| 005 | 20210628202502.0 | ||
| 008 | 210121b xxu||||| |||| 00| 0 eng d | ||
| 020 | _a81-7554-175-X | ||
| 040 | _cceme | ||
| 082 | _a658.314 SMI | ||
| 100 |
_aSmith , Jane _960109 |
||
| 245 | _aEmpowering people | ||
| 260 |
_aDELHI _bKOGAN PAGE _c2002 |
||
| 300 | _aVI,117P | ||
| 650 |
_aMOTIVATION.MOTIVATING PEOPLE _960110 |
||
| 942 |
_cBK _2ddc |
||
| 999 |
_c569925 _d569925 |
||